[Event "Chessable Masters Prelim"]
[Site "chess24.com INT"]
[Date "2021.08.01"]
[Round "9.7"]
[White "Tari, Aryan"]
[Black "Artemiev, Vladislav"]
[Result "1-0"]
[WhiteTitle "GM"]
[BlackTitle "GM"]
[WhiteElo "2639"]
[BlackElo "2704"]
[WhiteFideId "1510045"]
[BlackFideId "24101605"]
[EventDate "2021.07.31"]

1. e4 c5 2. Nf3 e6 3. d4 cxd4 4. Nxd4 Nc6 5. Nc3 Qc7 6. g3 a6 7. Bg2 Nf6 8. O-O
Bc5 9. Nxc6 dxc6 10. Na4 Ba7 11. c4 e5 12. c5 Be6 13. Qc2 Rd8 14. h3 Qd7 15. Bg5
Qd3 16. Qxd3 Rxd3 17. b3 Ke7 18. f4 h6 19. Bh4 Rhd8 20. f5 Bc8 21. g4 Rd2 22.
Bf2 Rc2 23. Rfc1 Rxc1+ 24. Rxc1 Rd2 25. a3 Ra2 26. Nb6 Bxb6 27. cxb6 Ke8 28. a4
Rb2 29. Rc3 g5 30. Bf3 Nd7 31. Be3 f6 32. Bg2 c5 33. Bf1 Kd8 34. a5 Rb1 35. Kf2
Rb2+ 36. Kf3 Rb1 37. Be2 Rh1 38. Kg2 Rb1 39. Kf3 Rh1 40. Kg2 Rb1 41. h4 Rb2 42.
Kf1 Rb1+ 43. Kf2 Rh1 44. h5 Rb1 45. Bd3 Rb2+ 46. Kf3 Ke7 47. Bc4 Ra2 48. Be6
Rxa5 49. b4 Rb5 50. bxc5 a5 51. c6 bxc6 52. Rxc6 Kd8 53. Bxd7 Bxd7 54. Rxf6 a4
55. Rxh6 a3 56. Rh8+ Be8 57. Bxg5+ Kd7 58. Rh7+ Kc6 59. Ra7 Rb3+ 60. Be3 1-0

[Event "Chessable Masters Prelim"]
[Site "chess24.com INT"]
[Date "2021.08.01"]
[Round "9.8"]
[White "Iturrizaga Bonelli, Eduardo"]
[Black "Ju, Wenjun"]
[Result "1-0"]
[WhiteTitle "GM"]
[BlackTitle "GM"]
[WhiteElo "2607"]
[BlackElo "2560"]
[WhiteFideId "3901211"]
[BlackFideId "8603006"]
[EventDate "2021.07.31"]

1. c4 e6 2. g3 d5 3. Bg2 Nf6 4. Nf3 d4 5. d3 Nc6 6. O-O Be7 7. e3 e5 8. exd4
exd4 9. a3 a5 10. Bf4 O-O 11. Re1 Nd7 12. Nbd2 h6 13. Nb3 Bf6 14. a4 g5 15. Bc1
Bg7 16. h4 g4 17. Nh2 f5 18. f3 gxf3 19. Nxf3 Nf6 20. Bf4 Nh5 21. Qd2 Nxf4 22.
gxf4 Ra6 23. Nc5 Rb6 24. Ne6 Bxe6 25. Rxe6 Rf6 26. Qe2 Rxb2 27. Re8+ Kh7 28.
Ng5+ hxg5 29. Qh5+ Rh6 30. Qf7 Qxe8 31. Qxe8 Rxh4 32. Bf3 Rh3 33. Bd5 gxf4 34.
Re1 Rg3+ 35. Kf1 Bf6 36. Qh5+ Kg7 37. Qf7+ Kh6 38. Qxf6+ 1-0

[Event "Chessable Masters Prelim"]
[Site "chess24.com INT"]
[Date "2021.08.01"]
[Round "10.1"]
[White "Mishra, Abhimanyu"]
[Black "Ju, Wenjun"]
[Result "0-1"]
[WhiteTitle "IM"]
[BlackTitle "GM"]
[WhiteElo "2504"]
[BlackElo "2560"]
[WhiteFideId "30920019"]
[BlackFideId "8603006"]
[EventDate "2021.07.31"]

1. d4 Nf6 2. c4 e6 3. Nf3 d5 4. Nc3 c6 5. e3 Nbd7 6. Be2 Bd6 7. O-O O-O 8. b3 b6
9. Bb2 Bb7 10. Bd3 Qe7 11. Re1 c5 12. cxd5 exd5 13. Rc1 Rfd8 14. Ne2 Ne4 15. Ng3
g6 16. dxc5 bxc5 17. Qc2 Nxg3 18. hxg3 f6 19. e4 d4 20. Nd2 Ne5 21. f4 Nxd3 22.
Qxd3 Kg7 23. Re2 a5 24. Nc4 Ba6 25. Rf1 Bc7 26. Bc1 Kg8 27. g4 a4 28. g5 fxg5
29. fxg5 axb3 30. axb3 Rf8 31. Ref2 Rxf2 32. Rxf2 Rf8 33. Rxf8+ Qxf8 34. Qf3 Qf7
35. Qxf7+ Kxf7 36. Kf2 Ke6 37. Bd2 Kd7 38. Ke2 Kc6 39. Kd3 Bc8 40. Bc1 Bg4 41.
Kc2 Be2 42. Bd2 Bf1 43. g4 Be2 44. Nb2 Bxg4 45. Kd3 Bh3 46. Ke2 Be6 47. Nc4 Bg4+
48. Kd3 Bh3 49. Ke2 Bg2 50. Kd3 Bf1+ 51. Kc2 Be2 52. Bc1 Kb5 53. Nb2 Bg3 54. Bd2
Bf1 55. Nd3 Bg2 56. e5 Be4 57. e6 Bd6 58. Bf4 Be7 59. Kd2 Bd5 60. Kc2 Bxe6 61.
Ne5 Bd5 62. Kb2 Be6 63. Kc2 c4 64. bxc4+ Bxc4 65. Nd7 Be6 66. Nf6 Bf5+ 67. Kd1
h5 68. Nd5 Bc5 69. Bg3 Kc4 70. Nf4 d3 71. Be1 Be3 72. Bd2 Bxd2 73. Kxd2 h4 74.
Ng2 h3 75. Ne3+ Kd4 76. Nxf5+ gxf5 77. g6 h2 78. g7 h1=Q 79. g8=Q Qh2+ 80. Kd1
Qe2+ 81. Kc1 Qc2# 0-1

[Event "Chessable Masters Prelim"]
[Site "chess24.com INT"]
[Date "2021.08.01"]
[Round "10.2"]
[White "Artemiev, Vladislav"]
[Black "Iturrizaga Bonelli, Eduardo"]
[Result "1-0"]
[WhiteTitle "GM"]
[BlackTitle "GM"]
[WhiteElo "2704"]
[BlackElo "2607"]
[WhiteFideId "24101605"]
[BlackFideId "3901211"]
[EventDate "2021.07.31"]

1. Nf3 Nf6 2. g3 g6 3. Bg2 Bg7 4. d4 O-O 5. O-O d6 6. Nc3 Nbd7 7. a4 a5 8. b3 c5
9. Bb2 cxd4 10. Nxd4 Nc5 11. e4 Qb6 12. Re1 Bg4 13. Qd2 Rfe8 14. Ndb5 Rac8 15.
Nd5 Nxd5 16. Bxg7 Kxg7 17. exd5 Bd7 18. Qd4+ Kg8 19. Bf1 Bf5 20. Re2 Nd7 21.
Rae1 Rxc2 22. Qxb6 Nxb6 23. Nxd6 Rxe2 24. Rxe2 Rd8 25. Nxf5 gxf5 26. Rxe7 Rd7
27. d6 Rxd6 28. Rxb7 f4 29. Ra7 fxg3 30. hxg3 Rd5 31. Bb5 Rd1+ 32. Kg2 Rb1 33.
Rxa5 Rxb3 34. Ra6 1-0

[Event "Chessable Masters Prelim"]
[Site "chess24.com INT"]
[Date "2021.08.01"]
[Round "10.3"]
[White "Harikrishna, Pentala"]
[Black "Tari, Aryan"]
[Result "1/2-1/2"]
[WhiteTitle "GM"]
[BlackTitle "GM"]
[WhiteElo "2730"]
[BlackElo "2639"]
[WhiteFideId "5007003"]
[BlackFideId "1510045"]
[EventDate "2021.07.31"]

1. e4 e5 2. Nf3 Nc6 3. Bb5 a6 4. Ba4 Nf6 5. O-O Be7 6. d3 b5 7. Bb3 d6 8. a3 O-O
9. Nc3 Na5 10. Ba2 Be6 11. b4 Bxa2 12. Rxa2 Nc6 13. Bg5 Nd7 14. Bd2 Nf6 15. Ra1
Re8 16. Qb1 d5 17. exd5 Nd4 18. Nxd4 exd4 19. Ne4 Qxd5 20. Re1 Nxe4 21. Rxe4 f5
22. Re1 Bd6 23. Qb3 Qf7 24. Kf1 Kf8 25. h3 Rxe1+ 26. Rxe1 Re8 27. Qxf7+ Kxf7 28.
Ra1 Ke6 29. g3 Kd5 30. a4 g6 31. axb5 axb5 32. Ra6 Bf8 33. h4 Bd6 34. Ra7 Kc6
35. Ra6+ Kd5 36. Ra7 Kc6 37. Ra5 Kb6 38. Ra1 Kc6 39. Ra6+ Kd5 1/2-1/2

[Event "Chessable Masters Prelim"]
[Site "chess24.com INT"]
[Date "2021.08.01"]
[Round "10.4"]
[White "Anton Guijarro, David"]
[Black "Aronian, Levon"]
[Result "0-1"]
[WhiteTitle "GM"]
[BlackTitle "GM"]
[WhiteElo "2673"]
[BlackElo "2782"]
[WhiteFideId "2285525"]
[BlackFideId "13300474"]
[EventDate "2021.07.31"]

1. Nf3 d5 2. b3 Bg4 3. Bb2 Nf6 4. g3 e6 5. Bg2 Be7 6. d3 O-O 7. h3 Bh5 8. g4 Bg6
9. Ne5 Nfd7 10. Nxg6 hxg6 11. c4 c6 12. O-O a5 13. Nc3 Na6 14. Rc1 d4 15. Ne4
Ndc5 16. Nxc5 Nxc5 17. e3 dxe3 18. d4 exf2+ 19. Rxf2 Nd7 20. d5 Bc5 21. Bd4 Bxd4
22. Qxd4 cxd5 23. cxd5 e5 24. Qd2 Qb6 25. d6 Rac8 26. Rd1 Rcd8 27. g5 Nc5 28.
Qd5 e4 29. Qd4 Qc6 30. Rc2 b6 31. a3 Rfe8 32. b4 axb4 33. axb4 Qa4 34. Rxc5 bxc5
35. bxc5 Qc2 36. Re1 Re6 37. Bxe4 Qb3 38. Kg2 Qa2+ 39. Kg3 Qa3+ 40. Kg2 Rb8 41.
Re2 Rb4 42. Qe3 Qa4 43. Qd3 Rd4 44. Qc2 Rexe4 0-1

[Event "Chessable Masters Prelim"]
[Site "chess24.com INT"]
[Date "2021.08.01"]
[Round "10.6"]
[White "Koneru, Humpy"]
[Black "Firouzja, Alireza"]
[Result "0-1"]
[WhiteTitle "GM"]
[BlackTitle "GM"]
[WhiteElo "2586"]
[BlackElo "2759"]
[WhiteFideId "5008123"]
[BlackFideId "12573981"]
[EventDate "2021.07.31"]

1. d4 Nf6 2. c4 g6 3. g3 Bg7 4. Bg2 O-O 5. Nc3 Nc6 6. Nf3 d5 7. cxd5 Nxd5 8. O-O
Nb6 9. Bf4 a5 10. Qc1 a4 11. Rd1 Ra5 12. a3 Be6 13. d5 Nxd5 14. Ng5 Nxc3 15.
bxc3 Qc8 16. Bxc6 bxc6 17. Nxe6 Qxe6 18. Qe3 Qxe3 19. Bxe3 Bxc3 20. Ra2 Be5 21.
Rc1 Ra6 22. Rac2 Rb8 23. Bc5 Bd6 24. Kg2 Rb3 25. e4 f6 26. h4 Kf7 27. f4 Bxc5
28. Rxc5 Rxa3 29. Rxc6 Rb6 30. Rxc7 Rbb3 31. Ra7 Rxg3+ 32. Kh2 Rge3 0-1

[Event "Chessable Masters Prelim"]
[Site "chess24.com INT"]
[Date "2021.08.01"]
[Round "10.7"]
[White "Le, Quang Liem"]
[Black "Van Foreest, Jorden"]
[Result "1/2-1/2"]
[WhiteTitle "GM"]
[BlackTitle "GM"]
[WhiteElo "2709"]
[BlackElo "2688"]
[WhiteFideId "12401137"]
[BlackFideId "1039784"]
[EventDate "2021.07.31"]

1. Nf3 d5 2. d4 Nf6 3. c3 Bf5 4. Qb3 Qc8 5. c4 c6 6. Bg5 dxc4 7. Qxc4 Ne4 8. Bf4
Nd7 9. Nc3 e6 10. g4 Bg6 11. Bg2 Be7 12. Ne5 Nxc3 13. bxc3 Nxe5 14. Bxe5 O-O 15.
O-O f6 16. Bg3 Qd7 17. Rad1 Kh8 18. e3 Rad8 19. Qe2 Bd6 20. c4 Qc7 21. Bxd6 Qxd6
22. c5 Qe7 23. f4 e5 24. Qf2 h6 25. h4 exd4 26. exd4 Rfe8 27. Rfe1 Qd7 28. f5
Bf7 29. a3 Bd5 30. Rxe8+ Rxe8 31. Re1 Bxg2 32. Kxg2 Qd5+ 33. Kg3 Rd8 34. Re7
Qb3+ 35. Kh2 Qd1 36. Re4 Qd3 37. Qf4 b6 38. g5 fxg5 39. hxg5 hxg5 40. Qxg5 Qxe4
41. Qxd8+ Kh7 42. Qg5 bxc5 43. Qg6+ Kg8 44. dxc5 Qe5+ 45. Kg2 Qd5+ 46. Kg3 Qxc5
47. Qe6+ Kf8 48. Qc8+ Ke7 49. Qe6+ Kf8 50. Qc8+ Ke7 51. Qe6+ Kf8 1/2-1/2

[Event "Chessable Masters Prelim"]
[Site "chess24.com INT"]
[Date "2021.08.01"]
[Round "10.8"]
[White "Mamedyarov, Shakhriyar"]
[Black "Adhiban, Baskaran"]
[Result "1-0"]
[WhiteTitle "GM"]
[BlackTitle "GM"]
[WhiteElo "2782"]
[BlackElo "2660"]
[WhiteFideId "13401319"]
[BlackFideId "5018471"]
[EventDate "2021.07.31"]

1. d4 Nf6 2. c4 g6 3. Nf3 Bg7 4. g3 d6 5. Bg2 Bf5 6. Qb3 Qc8 7. Nc3 O-O 8. Nh4
Nc6 9. Nxf5 Qxf5 10. e3 e5 11. d5 Nd4 12. exd4 exd4 13. Nd1 Rae8+ 14. Kf1 Nd7
15. g4 Qxg4 16. Qf3 Qxf3 17. Bxf3 Ne5 18. Kg2 Nxc4 19. Bg5 h6 20. Rc1 Ne5 21.
Bd2 Re7 22. b3 g5 23. Nb2 g4 24. Be2 f5 25. Rhe1 Rfe8 26. Kf1 Kh7 27. Bb5 Rf8
28. Nd3 a6 29. Nxe5 Bxe5 30. Bd3 Kg7 31. Kg2 h5 32. f4 gxf3+ 33. Kxf3 Kh7 34.
Bg5 Rg7 35. h4 Rff7 36. Rc2 Kg6 37. Rce2 Kh7 38. Rxe5 dxe5 39. Rxe5 Kg8 40. Bxf5
Rg6 41. Ke4 Rb6 42. Be6 Kg7 43. Bxf7 1-0

[Event "Chessable Masters Prelim"]
[Site "chess24.com INT"]
[Date "2021.08.02"]
[Round "11.1"]
[White "Adhiban, Baskaran"]
[Black "Mishra, Abhimanyu"]
[Result "1-0"]
[WhiteTitle "GM"]
[BlackTitle "IM"]
[WhiteElo "2660"]
[BlackElo "2504"]
[WhiteFideId "5018471"]
[BlackFideId "30920019"]
[EventDate "2021.07.31"]

1. e4 c5 2. Nf3 d6 3. d4 cxd4 4. Nxd4 Nf6 5. Nc3 a6 6. Bc4 e6 7. Be3 b5 8. Bb3
Be7 9. Qf3 Qc7 10. g4 b4 11. Nce2 Bb7 12. Ng3 d5 13. e5 Nfd7 14. Ngf5 exf5 15.
e6 Ne5 16. exf7+ Nxf7 17. Ne6 Qe5 18. gxf5 Nd6 19. O-O-O d4 20. Ba4+ Nd7 21.
Qh5+ g6 22. Bxd4 gxh5 23. Bxe5 Bxh1 24. Bxh8 Bf3 25. Rg1 Nxf5 26. Nc7+ Kd8 27.
Nxa8 Bxa8 28. Rg8+ Nf8 29. Bf6 Bd5 30. Rxf8+ Kc7 31. Bxe7 Nxe7 32. Bb3 Bc6 33.
Rf7 Kd6 34. Rxh7 Bf3 35. Rh6+ Kc5 36. Rxa6 Nc6 37. Ra8 Ne5 38. Ra5+ Kd6 39. Rb5
h4 40. Rxb4 h3 41. Rh4 Bg2 42. Rh6+ Ke7 43. Re6+ Kf7 44. Rxe5+ Kf6 45. f4 Bf3
46. Kd2 Bg2 47. a4 1-0

[Event "Chessable Masters Prelim"]
[Site "chess24.com INT"]
[Date "2021.08.02"]
[Round "11.2"]
[White "Van Foreest, Jorden"]
[Black "Mamedyarov, Shakhriyar"]
[Result "1/2-1/2"]
[WhiteTitle "GM"]
[BlackTitle "GM"]
[WhiteElo "2688"]
[BlackElo "2782"]
[WhiteFideId "1039784"]
[BlackFideId "13401319"]
[EventDate "2021.07.31"]

1. e4 e5 2. Nf3 Nf6 3. Nxe5 d6 4. Nf3 Nxe4 5. d4 d5 6. Bd3 Bd6 7. O-O O-O 8. c4
c6 9. Nc3 Nxc3 10. bxc3 dxc4 11. Bxc4 Bf5 12. Bg5 Qa5 13. Nh4 Be6 14. Bxe6 Qxg5
15. Nf3 Qa5 16. Bb3 Nd7 17. Qd3 Rae8 18. Rfe1 Nf6 19. g3 g6 20. Kg2 Kg7 21. h4
h6 22. a4 Qf5 23. Qxf5 gxf5 24. Ne5 Ne4 25. Nc4 Bc7 26. Ne3 f4 27. Nf5+ Kg6 28.
Bc2 Kxf5 29. Bxe4+ Kf6 30. g4 Re7 31. Bd3 Rfe8 32. Rxe7 Rxe7 33. Kf3 Ba5 34. Rc1
c5 35. dxc5 Rc7 36. Be4 Rxc5 37. c4 b6 38. Bd5 a6 39. Rb1 b5 40. axb5 axb5 41.
Rxb5 Rxb5 42. cxb5 Bb6 43. Ke2 Ke7 44. g5 hxg5 45. hxg5 Bd8 46. Kf3 Kd6 47. Bxf7
Bxg5 48. Kg4 Bh6 49. f3 Kc5 50. Be8 Kb6 51. Kf5 Kc5 52. Ke5 Kb6 53. Bc6 Kc5 54.
Be8 Kb6 55. Bc6 Kc5 56. Be8 1/2-1/2

[Event "Chessable Masters Prelim"]
[Site "chess24.com INT"]
[Date "2021.08.02"]
[Round "11.4"]
[White "So, Wesley"]
[Black "Koneru, Humpy"]
[Result "1-0"]
[WhiteTitle "GM"]
[BlackTitle "GM"]
[WhiteElo "2772"]
[BlackElo "2586"]
[WhiteFideId "5202213"]
[BlackFideId "5008123"]
[EventDate "2021.07.31"]

1. e4 e5 2. Nf3 Nf6 3. Nxe5 d6 4. Nf3 Nxe4 5. Nc3 Nxc3 6. dxc3 Be7 7. Be3 Nc6 8.
Qd2 Be6 9. O-O-O Qd7 10. Kb1 a6 11. Nd4 Nxd4 12. Bxd4 O-O 13. Be2 Rfe8 14. h4
Qa4 15. c4 c5 16. b3 Qc6 17. Bf3 Qc7 18. Bb2 Rad8 19. h5 h6 20. Bd5 Bxd5 21.
Qxd5 Qc6 22. Qf5 Bf8 23. Rh4 Re6 24. Rf4 Qd7 25. a4 Re7 26. Qd3 Rde8 27. Bc3 Qc6
28. Qg3 Re4 29. Rxe4 Rxe4 30. a5 Qd7 31. Rd5 Qg4 32. Qxg4 Rxg4 33. g3 Re4 34.
Kc1 Re2 35. Rf5 f6 36. Kd1 Re6 37. g4 Kf7 38. Kd2 Be7 39. Kd3 Bd8 40. f4 Ke8 41.
Bd2 Kd7 42. Rd5 Kc6 43. Bc3 Re8 44. Rf5 Re6 45. Bd2 Kd7 46. g5 fxg5 47. fxg5
Bxg5 48. Bxg5 hxg5 49. Rxg5 Re7 50. c3 Kc6 51. b4 b6 52. axb6 Kxb6 53. Kc2 Re2+
54. Kd3 Re7 55. Kd2 Kc6 56. Kc2 Kb6 57. Kb3 cxb4 58. cxb4 Re3+ 59. Ka4 Re4 60.
Kb3 Re7 61. Rg6 Kc7 62. Ka4 Rf7 63. Ka5 Rf5+ 64. Kxa6 Rxh5 65. Rxg7+ Kc6 66. b5+
Kc5 67. Rc7+ Kd4 68. b6 Rh1 69. b7 Ra1+ 70. Kb6 Rb1+ 71. Ka7 Ra1+ 72. Kb8 1-0

[Event "Chessable Masters Prelim"]
[Site "chess24.com INT"]
[Date "2021.08.02"]
[Round "11.6"]
[White "Tari, Aryan"]
[Black "Anton Guijarro, David"]
[Result "0-1"]
[WhiteTitle "GM"]
[BlackTitle "GM"]
[WhiteElo "2639"]
[BlackElo "2673"]
[WhiteFideId "1510045"]
[BlackFideId "2285525"]
[EventDate "2021.07.31"]

1. e4 c6 2. d4 d5 3. exd5 cxd5 4. Bd3 Nc6 5. c3 e6 6. Bf4 Nge7 7. Nd2 Ng6 8. Bg3
Bd6 9. Ngf3 Nf4 10. Bxf4 Bxf4 11. Qc2 g5 12. g3 Bd6 13. O-O Bd7 14. Rae1 Qf6 15.
b4 Rc8 16. Qb1 h5 17. b5 Ne7 18. c4 g4 19. Ne5 Bxe5 20. Rxe5 Qh6 21. Re2 h4 22.
Qb4 Qf6 23. Re5 Qh6 24. Re2 Qf6 25. c5 Nf5 26. Bxf5 Qxf5 27. Rfe1 h3 28. a4 f6
29. a5 Kf7 30. a6 bxa6 31. c6 Be8 32. Qd6 axb5 33. c7 Kg6 34. Rxe6 Bf7 35. Re7
Rhe8 36. Rxe8 Bxe8 37. Re5 Qd7 38. Qa6 Rxc7 39. Re6 Rc6 40. Rxc6 Qxc6 41. Qxa7
Qc1+ 42. Nf1 b4 43. Qb8 Qe1 44. Qb7 Bf7 45. Qc8 Qe6 46. Qb8 Qe4 47. Ne3 Qxd4 48.
Qb5 Qa1+ 49. Nf1 Qe1 50. Qd7 Qe4 51. Ne3 d4 0-1

[Event "Chessable Masters Prelim"]
[Site "chess24.com INT"]
[Date "2021.08.02"]
[Round "11.7"]
[White "Iturrizaga Bonelli, Eduardo"]
[Black "Harikrishna, Pentala"]
[Result "1-0"]
[WhiteTitle "GM"]
[BlackTitle "GM"]
[WhiteElo "2607"]
[BlackElo "2730"]
[WhiteFideId "3901211"]
[BlackFideId "5007003"]
[EventDate "2021.07.31"]

1. c4 e5 2. g3 c6 3. Nf3 e4 4. Nd4 d5 5. d3 c5 6. Nb5 a6 7. N5c3 dxc4 8. dxe4
Qxd1+ 9. Nxd1 Nc6 10. Nbc3 Nf6 11. Bg5 Be7 12. f4 Nd4 13. Ne3 b5 14. O-O-O Bb7
15. Bxf6 Bxf6 16. Ned5 Bd8 17. e3 Nc6 18. e5 Nb4 19. a3 Nxd5 20. Nxd5 O-O 21.
Bg2 Rb8 22. Be4 Re8 23. Bf5 Bc6 24. e4 g6 25. Bh3 b4 26. axb4 cxb4 27. Rd4 c3
28. Rhd1 Ba4 29. R1d3 Bb5 30. Rd1 cxb2+ 31. Kxb2 a5 32. Rc1 Kg7 33. Rc5 Ba4 34.
Rdc4 Bd1 35. Bd7 Rf8 36. Rd4 Bf3 37. f5 gxf5 38. exf5 Bxd5 39. Rcxd5 Bb6 40.
Rg4+ Kh8 41. f6 Rg8 42. Rc4 Rbd8 43. Kb3 Bg1 44. Rh4 Rg5 45. Kc4 Bb6 46. g4 h5
47. e6 Rxd5 48. Kxd5 fxe6+ 49. Kxe6 b3 50. Rxh5+ Kg8 51. Rb5 Bd4 52. Rxb3 Bxf6
53. Kxf6 Rxd7 54. Rb8+ Kh7 55. Ra8 Rd6+ 56. Kg5 Rd5+ 57. Kh4 Rd2 58. h3 Ra2 59.
Kg5 a4 60. Ra7+ Kg8 61. Kg6 Kf8 62. h4 a3 63. g5 Ra1 64. h5 1-0

[Event "Chessable Masters Prelim"]
[Site "chess24.com INT"]
[Date "2021.08.02"]
[Round "11.8"]
[White "Ju, Wenjun"]
[Black "Artemiev, Vladislav"]
[Result "0-1"]
[WhiteTitle "GM"]
[BlackTitle "GM"]
[WhiteElo "2560"]
[BlackElo "2704"]
[WhiteFideId "8603006"]
[BlackFideId "24101605"]
[EventDate "2021.07.31"]

1. d4 d5 2. c4 c6 3. Nf3 e6 4. Nbd2 Nf6 5. g3 Be7 6. Bg2 O-O 7. O-O b6 8. Qc2
Bb7 9. Rd1 Na6 10. b3 c5 11. Bb2 Nb4 12. Qb1 dxc4 13. dxc5 cxb3 14. Nxb3 Qc8 15.
Ng5 g6 16. Bxb7 Qxb7 17. cxb6 axb6 18. Rd4 Nfd5 19. h4 Rac8 20. Rd2 Rc4 21. a3
Nc6 22. Qd3 b5 23. Qf3 Qc7 24. e4 Nb6 25. Rad1 e5 26. Qg4 Qc8 27. Qe2 f6 28. Nf3
Qg4 29. Nfd4 Qxe2 30. Nxe2 Na4 31. Ba1 Rxe4 32. Rc2 Rc4 33. Rxc4 bxc4 34. Nd2
Rd8 35. Nc3 Nxc3 36. Bxc3 Bxa3 37. Ra1 Bb2 38. Bxb2 Rxd2 39. Bc3 Rd3 40. Rc1 Kf7
41. Be1 Rd4 42. Bc3 Rd5 43. Be1 Rc5 44. f4 Ke6 45. fxe5 fxe5 46. Kf2 Kd5 47. Bc3
Nd4 48. Ke3 Rb5 49. g4 Rb3 50. Kd2 Nb5 51. Ba1 Rd3+ 52. Kc2 Nd4+ 53. Kb1 Nb3 54.
Re1 Nxa1 55. Kxa1 e4 0-1

[Event "Chessable Masters Prelim"]
[Site "chess24.com INT"]
[Date "2021.08.02"]
[Round "12.1"]
[White "Mishra, Abhimanyu"]
[Black "Artemiev, Vladislav"]
[Result "1/2-1/2"]
[WhiteTitle "IM"]
[BlackTitle "GM"]
[WhiteElo "2504"]
[BlackElo "2704"]
[WhiteFideId "30920019"]
[BlackFideId "24101605"]
[EventDate "2021.07.31"]

1. d4 d5 2. c4 c6 3. Nf3 Nf6 4. Qb3 e6 5. Bg5 Nbd7 6. Nc3 Qa5 7. Bd2 Qb6 8. Qc2
Be7 9. e3 O-O 10. Bd3 dxc4 11. Bxc4 c5 12. O-O Qc7 13. Bb3 a6 14. dxc5 Qxc5 15.
Ne4 Qxc2 16. Bxc2 b6 17. Nxf6+ Bxf6 18. Nd4 Bb7 19. Bc3 Rac8 20. Rad1 Ne5 21.
Bb3 Rfe8 22. Rd2 Nc4 23. Bxc4 Rxc4 24. Ne2 Be7 25. Rfd1 Rcc8 26. Nf4 Red8 27.
Rxd8+ Rxd8 28. Rxd8+ Bxd8 29. f3 Bc7 30. Nd3 f6 31. e4 Kf7 32. h3 e5 33. Kf2 Ke6
34. Ke3 a5 35. a3 Bd6 36. b4 axb4 37. Bxb4 Ba6 38. Bxd6 Kxd6 39. Nb4 Bf1 40. Kf2
Bc4 41. Ke3 Kc5 42. Nd3+ Kb5 43. Nb2 g5 44. g3 Bb3 45. h4 gxh4 46. gxh4 Ba2 47.
Kd3 Bf7 48. Ke3 Bb3 49. Kd3 Kc5 50. Ke3 Bc2 51. Kd2 Bb3 52. Ke3 Bf7 53. Kd3 Bh5
54. Na4+ Kc6 55. Ke3 b5 56. Nc3 Bf7 57. f4 Kc5 58. fxe5 fxe5 59. Kd3 Bc4+ 60.
Ke3 Bf1 61. Nb1 Bh3 62. Kd3 Kd6 63. Nd2 Bg2 64. Ke3 Bh3 65. Kd3 h6 66. Ke3 Bg4
67. Kd3 Kc6 68. Kc3 Bh3 69. Nf3 Kd6 70. Kb4 Bg2 71. Nd2 Kc6 72. Kc3 Kc5 73. Kd3
Kb6 74. Kc3 Ka5 75. Nb3+ Kb6 76. Nd2 Bh1 77. Kb4 Kc6 78. Kc3 Kc5 79. Nb3+ Kd6
80. Nd2 Bg2 81. Kb4 Kc6 82. Kc3 Kb7 83. Kb4 Kb6 84. a4 bxa4 85. Nc4+ Kc7 86.
Nxe5 Bxe4 87. Ng4 h5 88. Nf6 Bf3 89. Kxa4 Kd6 90. Nxh5 Bxh5 91. Ka3 1/2-1/2

[Event "Chessable Masters Prelim"]
[Site "chess24.com INT"]
[Date "2021.08.02"]
[Round "12.2"]
[White "Harikrishna, Pentala"]
[Black "Ju, Wenjun"]
[Result "1-0"]
[WhiteTitle "GM"]
[BlackTitle "GM"]
[WhiteElo "2730"]
[BlackElo "2560"]
[WhiteFideId "5007003"]
[BlackFideId "8603006"]
[EventDate "2021.07.31"]

1. e4 e5 2. Nf3 Nc6 3. Bb5 a6 4. Ba4 Nf6 5. O-O Bc5 6. c3 b5 7. Bb3 d6 8. d4 Bb6
9. Be3 Rb8 10. Nbd2 O-O 11. h3 a5 12. Bc2 h6 13. Re1 Bd7 14. Bd3 Re8 15. a3 a4
16. Qe2 Ba5 17. Rac1 exd4 18. cxd4 d5 19. e5 Ne4 20. Nxe4 dxe4 21. Bxe4 Bxe1 22.
Nxe1 Na5 23. Qh5 Rb6 24. d5 Ra6 25. Nf3 Nc4 26. Bd4 Qe7 27. Re1 Qf8 28. Bc3 Qe7
29. Bd3 Bc8 30. Nd4 Nxe5 31. Bxb5 g6 32. Qxh6 Rf6 33. Bxe8 Qxe8 34. Qg5 1-0

[Event "Chessable Masters Prelim"]
[Site "chess24.com INT"]
[Date "2021.08.02"]
[Round "12.3"]
[White "Anton Guijarro, David"]
[Black "Iturrizaga Bonelli, Eduardo"]
[Result "1/2-1/2"]
[WhiteTitle "GM"]
[BlackTitle "GM"]
[WhiteElo "2673"]
[BlackElo "2607"]
[WhiteFideId "2285525"]
[BlackFideId "3901211"]
[EventDate "2021.07.31"]

1. d4 Nf6 2. c4 g6 3. Nc3 Bg7 4. e4 O-O 5. Be3 d6 6. h3 c5 7. Nf3 cxd4 8. Nxd4
Nc6 9. Be2 Bd7 10. O-O Nxd4 11. Bxd4 Bc6 12. Qc2 a5 13. Rad1 a4 14. c5 Qa5 15.
cxd6 exd6 16. a3 Rfe8 17. Bf3 Rac8 18. Qd2 Qa8 19. Qf4 Re6 20. Nd5 Nd7 21. Bg4
Bxd5 22. exd5 Re7 23. Bxg7 Kxg7 24. Qxd6 Rce8 25. Bxd7 Qd8 26. Qb4 Qxd7 27. d6
Re2 28. Rd4 Rc2 29. Rfd1 Ree2 30. R4d2 Rexd2 31. Rxd2 Rxd2 32. Qxd2 Kf6 33. Qd4+
Ke6 34. f4 f6 35. Kh2 b5 36. Kg3 Qxd6 37. Qe4+ Kf7 38. Qb7+ Qe7 39. Qd5+ Qe6 40.
Qb7+ Qe7 41. Qd5+ Qe6 42. Qb7+ Qe7 1/2-1/2

[Event "Chessable Masters Prelim"]
[Site "chess24.com INT"]
[Date "2021.08.02"]
[Round "12.5"]
[White "Koneru, Humpy"]
[Black "Aronian, Levon"]
[Result "0-1"]
[WhiteTitle "GM"]
[BlackTitle "GM"]
[WhiteElo "2586"]
[BlackElo "2782"]
[WhiteFideId "5008123"]
[BlackFideId "13300474"]
[EventDate "2021.07.31"]

1. d4 Nf6 2. c4 g6 3. g3 c6 4. Bg2 d5 5. cxd5 cxd5 6. Nc3 Bg7 7. Nf3 O-O 8. O-O
b6 9. Ne5 Bb7 10. Bf4 Nc6 11. Rc1 Rc8 12. Nxc6 Rxc6 13. Qb3 e6 14. Nb5 a6 15.
Rxc6 Bxc6 16. Nc3 Nh5 17. Be3 b5 18. Bf3 Qb6 19. Na4 Qa7 20. Nc5 Nf6 21. Rc1 Rc8
22. Bf4 a5 23. Be5 Be8 24. Qd1 Rc6 25. e3 b4 26. Be2 Qb6 27. a4 bxa3 28. bxa3
Qa7 29. Bb5 Rc8 30. Bxe8 Nxe8 31. Bxg7 Nxg7 32. Rb1 Rb8 33. Rxb8+ Qxb8 34. Qa4
Nf5 35. Qxa5 Qb1+ 36. Kg2 Qb2 37. Kg1 h5 38. h4 Qc1+ 39. Kg2 Qc2 40. Kg1 Qd1+
41. Kg2 Qe2 42. Qd8+ Kg7 43. Qg5 Qc2 44. Qf4 Nh6 45. Qe5+ Kh7 46. Nd7 Ng4 47.
Nf6+ Nxf6 48. Qxf6 Kg8 49. Qf4 Qb1 50. a4 Qb4 51. Qc7 Qxa4 52. Qb8+ Kh7 53. Qc7
Qe8 54. Kf3 Kg8 55. Kg2 Qf8 56. Kf3 Qg7 57. Qe7 Qh6 58. Qd8+ Kg7 59. Qc7 g5 60.
hxg5 Qxg5 61. Qf4 Kg6 62. Qb8 Qg4+ 63. Kg2 Qe4+ 64. Kg1 Kg7 65. Qd8 Qg4 66. Kg2
Qe4+ 67. Kg1 Qf5 68. Kg2 Qg4 69. Kg1 Qf3 70. Qg5+ Kh7 71. Qd8 Kg6 72. Qg8+ Kf6
73. Kf1 Qh1+ 74. Ke2 Qe4 75. Qh8+ Kg5 76. Qg7+ Qg6 77. Qe5+ Kg4 78. Qf4+ Kh3 79.
Qh4+ Kg2 80. Qf4 Qc2+ 81. Ke1 Qc1+ 82. Ke2 Qf1+ 83. Kd2 Qxf2+ 0-1